00381nam a2200133Ia 4500003000400000008004100004040001600045082001300061100001500074245007700089260004500166300001000211650002600221GCL140319s9999 xx 000 0 eng d aGCL / cGCL04a942bW M1 aWEBB, R.K.10aMODERN ENGLAND FROM THE EIGHTEENTH CENTURY TO THE PRESENT / cWEBB, R.K. a[S.N] : bDODD, MEAD & COMPANY ، c1968 a652 P04aHISTORY AND CRITICISM